00577cam a22001697a 4500008004000000020001500040082001700055100002000072245007100092260002900163300001000192650002200202650005100224650002500275999001900300952008800319180718b1988 xxu||||| |||| 00| 0 eng d a0938077155 aBA27x54 P641 aPilchick, Terry aJai Bhim: dispatches from a peaceful revolutioncby Terry Pilchick aGlasgowbWindhorsec1988 a240p. aBuddhism - India. aAmbedkar, B. R. - Criticism and interpretation aUntouchables - India c394256d394256 00104070aIIPAbIIPAd2000-10-12oBA27x54 P641p75939r2018-07-21w2018-07-21yBK